La condición de la mujer en el área mediterránea / (Record no. 135005)

MARC details
000 -LEADER
campo de control de longitud fija 00696nam a2200217 i 4500
001 - NÚMERO DE CONTROL
campo de control 135005
003 - IDENTIFICADOR DE NÚMERO DE CONTROL
campo de control ES-MaACL
005 - FECHA Y HORA DE LA ÚLTIMA TRANSACCIÓN
campo de control 20230906194804.0
007 - CAMPO FIJO DE DESCRIPCIÓN FÍSICA--INFORMACIÓN GENERAL
campo de control de longitud fija t|
008 - DATOS DE LONGITUD FIJA--INFORMACIÓN GENERAL
campo de control de longitud fija 070705s1967 sp ||||1| spa d
080 ## - NÚMERO DE LA CLASIFICACIÓN DECIMAL UNIVERSAL
Número de la Clasificación Decimal Universal 396(4/6-015)
100 1# - ENTRADA PRINCIPAL--NOMBRE DE PERSONA
Nombre de persona Tillion, Germaine.
9 (RLIN) 110270
245 13 - MENCIÓN DEL TÍTULO
Título La condición de la mujer en el área mediterránea /
Mención de responsabilidad, etc. Germaine Tillion ; [traducción de Agustina Fort y Carmen Huera].
250 ## - MENCION DE EDICION
Mención de edición [1ª ed.].
260 ## - PUBLICACIÓN, DISTRIBUCIÓN, ETC.
Lugar de publicación, distribución, etc. [Barcelona] :
Nombre del editor, distribuidor, etc. Península,
Fecha de publicación, distribución, etc. [1967]
300 ## - DESCRIPCIÓN FÍSICA
Extensión 211 p. ;
Dimensiones 20 cm.
650 14 - PUNTO DE ACCESO ADICIONAL DE MATERIA--TÉRMINO DE MATERIA
Término de materia o nombre geográfico como elemento de entrada Mujeres-
Subdivisión geográfica Mediterráneo (Región)
9 (RLIN) 15302
700 1# - ENTRADA AGREGADA--NOMBRE PERSONAL
Nombre de persona Fort, Agustina.
9 (RLIN) 51832
700 1# - ENTRADA AGREGADA--NOMBRE PERSONAL
Nombre de persona Huera, Carmen.
9 (RLIN) 64542
852 ## - LOCALIZACIÓN
Ubicación ES-MaACL
Número de control de estantería C-34002
Sublocalización o colección R.64925
Holdings
Estatus retirado Estado de pérdida Estado de daño No para préstamo Biblioteca de origen Biblioteca actual Ubicación en estantería Fecha de adquisición Fuente de adquisición Total de préstamos Signatura topográfica completa Código de barras Visto por última vez Precio de reemplazo Tipo de ítem Koha
        Biblioteca del Ateneo de Madrid Biblioteca del Ateneo de Madrid Depósito 2 17/01/2008     C-34002 1140521 23/02/2023 23/02/2023 Libro impreso